000 00383nam a2200157Ia 4500
008 230917s9999||||xx |||||||||||||| ||und||
040 _e132391
_aMAIN
041 _aEnglish
082 _a330. 12409 J559 E
100 _aJhingan, M L
245 0 _aEconomcs of development and planning
250 _a5th ed.
260 _aNew Delhi
_bKonark
_c1971
300 _a909 p.
942 _cBK
999 _c61244
_d61244